000 00464nam a2200193Ia 4500
005 20250423100937.0
008 250422s9999 xx 000 0 und d
020 _a978007131537
050 _aHM 24 .R58/
100 _aRitzer, George
245 0 _aSociological theory
250 _a8th ed.
260 _aNew York
260 _bMc Graw-Hill
260 _c2012
300 _a664 p
650 _a Sociology. Sociologists--Biography.
942 _cBK
999 _c34815
_d34815